IKEA : 1993 (Record no. 8842)

MARC details
000 -LEADER
fixed length control field 00356nam a2200145Ia 4500
008 - FIXED-LENGTH DATA ELEMENTS--GENERAL INFORMATION
fixed length control field 220803s9999 xx 000 0 und d
041 ## - LANGUAGE CODE
Language code of text/sound track or separate title eng
082 ## - DEWEY DECIMAL CLASSIFICATION NUMBER
Classification number 729 VGH
100 ## - MAIN ENTRY--PERSONAL NAME
Personal name VGH Pub.
9 (RLIN) 10205
245 ## - TITLE STATEMENT
Title IKEA : 1993
260 ## - PUBLICATION, DISTRIBUTION, ETC. (IMPRINT)
Place of publication, distribution, etc. New Delhi
Name of publisher, distributor, etc. Verlag Christel Schmidt
Date of publication, distribution, etc. 1994
300 ## - PHYSICAL DESCRIPTION
Extent 326p
500 ## - GENERAL NOTE
Keywords Architecture
650 ## - SUBJECT ADDED ENTRY--TOPICAL TERM
Topical term or geographic name as entry element Interior Design
9 (RLIN) 10206
Holdings
Withdrawn status Lost status Damaged status Not for loan Collection code Home library Current library Shelving location Date acquired Vendor Cost, normal purchase price Total Checkouts Full call number Barcode Date last seen Cost, replacement price Bill Date Koha item type Original Barcode
        Book of B Arch Dr. Bhanuben Nanavati College of Architecture Dr. Bhanuben Nanavati College of Architecture   30/09/1994 British Council Library 166.00   729 VGH BNCA-BK-471 03/08/2022 185.00 30/09/1994 Books B000471